[Event "FBL 1"]
[Site "?"]
[Date "2018.11.18"]
[Round "4.1"]
[White "Bodnaruk, Anastasia"]
[Black "Paehtz, Elisabeth"]
[Result "1/2-1/2"]
[WhiteElo "2426"]
[BlackElo "2495"]
[PlyCount "134"]
[EventDate "2018.10.27"]
[EventType "team-tourn"]
[EventCountry "GER"]
[WhiteTeam "Rodewischer Schachmiezen"]
[BlackTeam "Deizisau SF"]
[WhiteTeamCountry "GER"]
[BlackTeamCountry "GER"]

1. e4 c5 2. Nf3 d6 3. d4 Nf6 4. Nc3 cxd4 5. Nxd4 a6 6. g3 e5 7. Nb3 Be7 8. Bg2
O-O 9. a4 b6 10. O-O Bb7 11. Qe2 Re8 12. Rd1 h6 13. a5 b5 14. Be3 Nbd7 15. Nd5
Nxd5 16. exd5 Rc8 17. Bh3 Rc4 18. c3 Bg5 19. Nd2 Rc7 20. Ne4 Bxe3 21. fxe3 Nc5
22. Nxc5 Rxc5 23. e4 Rc4 24. Qf3 Qf6 25. Qe3 Qg5 26. Qb6 Qe7 27. Qe3 Qg5 28.
Qb6 Qe7 29. Re1 Rc5 30. Rac1 Bc8 31. b4 Rc4 32. Bf1 Rc7 33. c4 bxc4 34. Rxc4
Rb7 35. Qxa6 Rb8 36. Qc6 Bd7 37. Qc7 Bb5 38. Qxe7 Rxe7 39. Rc2 Bxf1 40. Kxf1
Rxb4 41. Ra1 Ra7 42. Rc6 Kf8 43. Rxd6 Ke7 44. Rc6 Rxe4 45. a6 Rd4 46. Ra5 Kd7
47. Rb6 Kc7 48. Rb2 h5 49. Kf2 h4 50. Kf3 hxg3 51. hxg3 f5 52. Rbb5 Rd3+ 53.
Kf2 Rd2+ 54. Ke3 Rd4 55. Rc5+ Kd7 56. Rc6 Rxd5 57. Rxd5+ Kxc6 58. Rxe5 Kd6 59.
Ra5 Ke6 60. Kd4 Kd6 61. Ke3 Ke6 62. Kf4 g6 63. Kg5 Kf7 64. Ra1 Kg7 65. Ra3 Kf7
66. Ra2 Kg7 67. Ra1 Kf7 1/2-1/2

[Event "FBL 1"]
[Site "?"]
[Date "2018.11.18"]
[Round "4.2"]
[White "Shvayger, Yuliya"]
[Black "Tsolakidou, Stavroula"]
[Result "1-0"]
[WhiteElo "2389"]
[BlackElo "2386"]
[PlyCount "77"]
[EventDate "2018.10.27"]
[EventType "team-tourn"]
[EventCountry "GER"]
[WhiteTeam "Deizisau SF"]
[BlackTeam "Rodewischer Schachmiezen"]
[WhiteTeamCountry "GER"]
[BlackTeamCountry "GER"]

1. e4 c5 2. Nf3 d6 3. d4 cxd4 4. Nxd4 Nf6 5. Nc3 a6 6. Bg5 Nbd7 7. Qe2 g6 8.
O-O-O e5 9. Nb3 h6 10. Bh4 Be7 11. Kb1 b5 12. a3 Qc7 13. Qd2 Kf8 14. f3 Kg7 15.
Bf2 Nb6 16. Ka1 Be6 17. h4 Na4 18. Nd5 Nxd5 19. exd5 Bd7 20. f4 Bf6 21. h5 Rac8
22. Rc1 Bf5 23. Bh4 Bxh4 24. Rxh4 Qxc2 25. Rxc2 Rxc2 26. Qe3 Rxb2 27. fxe5 Rb1+
28. Ka2 Rb2+ 29. Ka1 Rb1+ 30. Ka2 Rc8 31. Rxa4 bxa4 32. Nd4 Rxf1 33. exd6 Bb1+
34. Kb2 Rb8+ 35. Kc3 Rc8+ 36. Nc6 Bf5 37. hxg6 Bd7 38. Qe5+ Kg8 39. Kd2 1-0

[Event "FBL 1"]
[Site "?"]
[Date "2018.11.18"]
[Round "4.3"]
[White "Majdan, Joanna"]
[Black "Schleining, Zoya"]
[Result "1-0"]
[WhiteElo "2380"]
[BlackElo "2371"]
[PlyCount "101"]
[EventDate "2018.10.27"]
[EventType "team-tourn"]
[EventCountry "GER"]
[WhiteTeam "Rodewischer Schachmiezen"]
[BlackTeam "Deizisau SF"]
[WhiteTeamCountry "GER"]
[BlackTeamCountry "GER"]

1. e4 c6 2. d4 d5 3. exd5 cxd5 4. Bd3 Nc6 5. c3 Qc7 6. Ne2 Bg4 7. O-O Nf6 8. h3
Bh5 9. Qe1 e6 10. Bg5 Bd6 11. Nd2 Bg6 12. Nc1 Bh2+ 13. Kh1 Bf4 14. Bxf4 Qxf4
15. g3 Qc7 16. Kg2 O-O-O 17. b4 Kb8 18. a4 Ne7 19. Ra3 Rc8 20. a5 Nf5 21. b5
Qd6 22. Rb3 Rhe8 23. f4 h5 24. Rf3 Rh8 25. a6 b6 26. Na2 h4 27. g4 Ne7 28. Nb4
Bxd3 29. Nxd3 Nd7 30. Ne5 Rcf8 31. c4 Nxe5 32. fxe5 Qd8 33. c5 Ng6 34. cxb6
Qxb6 35. Qf2 f6 36. exf6 gxf6 37. Rxf6 Rxf6 38. Qxf6 Rf8 39. Qxg6 Qxd4 40. Nf3
Qf4 41. Qd3 Qg3+ 42. Kh1 d4 43. Qe2 Qxh3+ 44. Qh2+ Qxh2+ 45. Kxh2 Rf4 46. Kh3
Re4 47. g5 Rf4 48. g6 Rf6 49. Nxh4 Rf8 50. Rf3 Rg8 51. Rf7 1-0

[Event "FBL 1"]
[Site "?"]
[Date "2018.11.18"]
[Round "4.4"]
[White "Klek, Hanna Marie"]
[Black "Theissl Pokorna, Regina"]
[Result "0-1"]
[WhiteElo "2296"]
[BlackElo "2306"]
[PlyCount "74"]
[EventDate "2018.10.27"]
[EventType "team-tourn"]
[EventCountry "GER"]
[WhiteTeam "Deizisau SF"]
[BlackTeam "Rodewischer Schachmiezen"]
[WhiteTeamCountry "GER"]
[BlackTeamCountry "GER"]

1. e4 e5 2. Nf3 Nc6 3. Bc4 Nf6 4. d3 Bc5 5. O-O a6 6. c3 Ba7 7. Nbd2 d6 8. Bb3
O-O 9. h3 h6 10. Re1 Nh5 11. d4 Qf6 12. Nxe5 dxe5 13. Qxh5 exd4 14. Nf3 Be6 15.
e5 Qf5 16. Qxf5 Bxf5 17. Bd5 dxc3 18. bxc3 Na5 19. g4 Be6 20. Be4 Rad8 21. Be3
Bxe3 22. Rxe3 c5 23. Re2 b5 24. Nd2 g5 25. Bc2 Bc4 26. Nxc4 Nxc4 27. Kg2 Rfe8
28. Rae1 Rd2 29. Rxd2 Nxd2 30. Bb3 Kg7 31. Bd5 Rd8 32. Bb7 a5 33. e6 fxe6 34.
Re5 Rb8 35. Bc6 Kf6 36. Re2 Nc4 37. Re4 Ne5 0-1

[Event "FBL 1"]
[Site "?"]
[Date "2018.11.18"]
[Round "4.5"]
[White "Lubbe, Melanie"]
[Black "Koepke, Elena"]
[Result "1-0"]
[WhiteElo "2346"]
[BlackElo "2288"]
[PlyCount "91"]
[EventDate "2018.10.27"]
[EventType "team-tourn"]
[EventCountry "GER"]
[WhiteTeam "Rodewischer Schachmiezen"]
[BlackTeam "Deizisau SF"]
[WhiteTeamCountry "GER"]
[BlackTeamCountry "GER"]

1. e4 e5 2. Bc4 Nf6 3. d3 c6 4. Nf3 d5 5. Bb3 Bd6 6. Nc3 dxe4 7. Ng5 O-O 8.
Ngxe4 Nxe4 9. Nxe4 Bf5 10. Qf3 Bxe4 11. dxe4 Nd7 12. c3 Nc5 13. Bc2 a5 14. Be3
Qe7 15. O-O Ne6 16. Rad1 Bc5 17. Bc1 Rfd8 18. Qf5 Qf6 19. Qxf6 gxf6 20. a4 Kf8
21. g3 Ke7 22. Kg2 Rxd1 23. Rxd1 Bd6 24. Kf3 b5 25. Ke3 b4 26. Kd3 b3 27. Bxb3
Nc5+ 28. Kc4 Nxe4 29. Bc2 Nxf2 30. Rf1 Nh3 31. Bxh7 Rh8 32. Bf5 Ng5 33. h4 Ne6
34. Be4 Rg8 35. Bxc6 Rxg3 36. h5 Rg8 37. b4 Rc8 38. b5 Ng5 39. h6 Rh8 40. Rh1
e4 41. Kd5 Ne6 42. Kxe4 Nc5+ 43. Kf5 Nxa4 44. Re1+ Be5 45. Rd1 Bd6 46. Ba3 1-0

[Event "FBL 1"]
[Site "?"]
[Date "2018.11.18"]
[Round "4.6"]
[White "Misanovic, Vesna"]
[Black "Movsesian, Julia"]
[Result "1/2-1/2"]
[WhiteElo "2255"]
[BlackElo "2324"]
[PlyCount "123"]
[EventDate "2018.10.27"]
[EventType "team-tourn"]
[EventCountry "GER"]
[WhiteTeam "Deizisau SF"]
[BlackTeam "Rodewischer Schachmiezen"]
[WhiteTeamCountry "GER"]
[BlackTeamCountry "GER"]

1. e4 e5 2. Bc4 Nf6 3. Nc3 Be7 4. d3 c6 5. f4 d6 6. Nf3 Nbd7 7. a3 O-O 8. O-O
b5 9. Ba2 a5 10. Kh1 Rb8 11. Ne2 Qc7 12. Ng3 exf4 13. Bxf4 Ne5 14. d4 Ng6 15.
Bd2 Bg4 16. Qe1 a4 17. Nf5 Rbe8 18. Qg3 Qd7 19. Ng5 d5 20. Nxe7+ Rxe7 21. e5
Nh5 22. Qf2 h6 23. Nf3 Rc8 24. Rac1 Ree8 25. Nh4 Nf8 26. Bb1 g5 27. Nf5 Bxf5
28. Qxf5 Qxf5 29. Rxf5 Ng7 30. Rf6 Re6 31. Rcf1 Rc7 32. Ba5 Ra7 33. Bb4 Nh5 34.
Rxe6 Nxe6 35. c3 Rd7 36. g3 Rc7 37. Bd3 Rc8 38. Be2 Neg7 39. Bg4 Rc7 40. Bd6
Ra7 41. Kg2 Kh7 42. Bf8 Rc7 43. Bd6 Ra7 44. Kh3 Kg6 45. Be2 f5 46. Bd3 Rf7 47.
Bc2 Ne6 48. Kg2 g4 49. h3 gxh3+ 50. Kxh3 Kg5 51. b3 axb3 52. Bxb3 f4 53. gxf4+
Nhxf4+ 54. Kh2 Kh4 55. a4 bxa4 56. Bxa4 Ra7 57. Bxc6 Ra2+ 58. Kh1 Kg3 59. Rg1+
Kh3 60. Re1 Kg3 61. Rg1+ Kh3 62. Re1 1/2-1/2

[Event "FBL 1"]
[Site "?"]
[Date "2018.11.18"]
[Round "4.1"]
[White "Socko, Monika"]
[Black "Girya, Olga"]
[Result "1-0"]
[WhiteElo "2463"]
[BlackElo "2481"]
[PlyCount "89"]
[EventDate "2018.10.27"]
[EventType "team-tourn"]
[EventCountry "GER"]
[WhiteTeam "Hamburger SK"]
[BlackTeam "Koenigshofen SC"]
[WhiteTeamCountry "GER"]
[BlackTeamCountry "GER"]

1. e4 c6 2. d4 d5 3. Nc3 dxe4 4. Nxe4 Bf5 5. Ng3 Bg6 6. Nh3 Nd7 7. Bc4 e6 8.
Nf4 Bd6 9. Nxg6 hxg6 10. Ne4 Ndf6 11. Ng5 Qc7 12. Qe2 b5 13. Bb3 Nh6 14. h4 Nf5
15. c3 Kf8 16. Bd2 Re8 17. O-O-O Bf4 18. g3 Bxd2+ 19. Rxd2 Qd6 20. Qf3 a5 21.
g4 Nh6 22. Rg1 a4 23. Bc2 Qd5 24. Qxd5 exd5 25. f3 Nhg8 26. Rh2 Ne7 27. Re1 Nc8
28. Re5 Nd6 29. b3 axb3 30. axb3 Nd7 31. Rxe8+ Kxe8 32. Kd2 Ke7 33. Re2+ Kd8
34. Bxg6 fxg6 35. Re6 Kc7 36. Rxd6 Nf8 37. Rd8 Kxd8 38. Nf7+ Ke7 39. Nxh8 Kf6
40. Ke3 Ke7 41. Kf4 Kf6 42. g5+ Ke6 43. b4 Ke7 44. Kg4 Ke6 45. f4 1-0

[Event "FBL 1"]
[Site "?"]
[Date "2018.11.18"]
[Round "4.2"]
[White "Schneider, Jana"]
[Black "Khademalsharieh, Sarasadat"]
[Result "0-1"]
[WhiteElo "2163"]
[BlackElo "2448"]
[PlyCount "118"]
[EventDate "2018.10.27"]
[EventType "team-tourn"]
[EventCountry "GER"]
[WhiteTeam "Koenigshofen SC"]
[BlackTeam "Hamburger SK"]
[WhiteTeamCountry "GER"]
[BlackTeamCountry "GER"]

1. e4 e5 2. Bc4 Nf6 3. d3 Nc6 4. Nf3 h6 5. c3 d6 6. a4 g6 7. O-O Bg7 8. Re1 O-O
9. Na3 a6 10. Nc2 d5 11. exd5 Nxd5 12. d4 Nb6 13. Bb3 exd4 14. Ncxd4 Na5 15.
Bc2 c5 16. Nb3 Qxd1 17. Bxd1 Nxb3 18. Bxb3 c4 19. Ba2 Nxa4 20. Bxc4 b5 21. Bd5
Ra7 22. Bb3 Nc5 23. Bc2 Rd7 24. Ne5 Re8 25. Bf4 Bxe5 26. Rxe5 Rxe5 27. Bxe5 Rd2
28. Rc1 Bf5 29. b4 Nd7 30. Bxf5 Nxe5 31. Bc8 Ra2 32. f4 Nc4 33. Re1 Kf8 34. Bd7
Rc2 35. Bc8 Nd6 36. Bd7 Rxc3 37. Ra1 Ke7 38. Bg4 Rc4 39. g3 g5 40. Be2 Re4 41.
Bf3 Re3 42. Kf2 gxf4 43. gxf4 Rb3 44. Rxa6 Rxb4 45. Ra7+ Ke6 46. Kg3 Ra4 47.
Rc7 Nf5+ 48. Kg4 Nd4 49. Rc3 f5+ 50. Kg3 b4 51. Rc4 Nxf3 52. Kxf3 Kd5 53. Rc8
b3 54. Rb8 Kc4 55. Ke3 Kc3 56. Rc8+ Rc4 57. Rd8 Re4+ 58. Kf3 b2 59. Rc8+ Kb3
0-1

[Event "FBL 1"]
[Site "?"]
[Date "2018.11.18"]
[Round "4.3"]
[White "Hoolt, Sarah"]
[Black "Shuvalova, Polina"]
[Result "0-1"]
[WhiteElo "2351"]
[BlackElo "2421"]
[PlyCount "70"]
[EventDate "2018.10.27"]
[EventType "team-tourn"]
[EventCountry "GER"]
[WhiteTeam "Hamburger SK"]
[BlackTeam "Koenigshofen SC"]
[WhiteTeamCountry "GER"]
[BlackTeamCountry "GER"]

1. e4 e5 2. Nf3 Nc6 3. Bc4 Bc5 4. d3 Nf6 5. a4 a6 6. c3 d6 7. b4 Bb6 8. Qb3 O-O
9. Bg5 h6 10. Bh4 g5 11. Bg3 Nh5 12. Nbd2 Kg7 13. Ng1 f5 14. f3 a5 15. b5 Ne7
16. Ne2 c6 17. Be6 Nxg3 18. Nxg3 f4 19. Nh5+ Kh7 20. g4 fxg3 21. hxg3 d5 22.
Bxc8 Rxc8 23. Ke2 cxb5 24. axb5 Qc7 25. Qa3 Rf7 26. Rac1 Rcf8 27. c4 dxe4 28.
Nxe4 Nf5 29. c5 Nd4+ 30. Kd1 Qe7 31. Nd6 Bc7 32. Nxf7 Qxf7 33. f4 Qd5 34. Rh2
exf4 35. gxf4 Qf3+ 0-1

[Event "FBL 1"]
[Site "?"]
[Date "2018.11.18"]
[Round "4.5"]
[White "Fuchs, Judith"]
[Black "Obolentseva, Alexandra"]
[Result "0-1"]
[WhiteElo "2263"]
[BlackElo "2322"]
[PlyCount "144"]
[EventDate "2018.10.27"]
[EventType "team-tourn"]
[EventCountry "GER"]
[WhiteTeam "Hamburger SK"]
[BlackTeam "Koenigshofen SC"]
[WhiteTeamCountry "GER"]
[BlackTeamCountry "GER"]

1. d4 Nf6 2. Bf4 d5 3. e3 c5 4. Nf3 Nc6 5. Nbd2 h6 6. dxc5 Qa5 7. a3 Qxc5 8. b4
Qc3 9. Bb5 Nd7 10. O-O a6 11. Ba4 g5 12. Bg3 Bg7 13. Ra2 Nb6 14. Bb3 Bg4 15.
Bc7 Nxb4 16. Bxb6 Nxa2 17. Bxa2 e6 18. Bb3 O-O 19. h3 Bh5 20. g4 Bg6 21. Nd4
Rfc8 22. a4 a5 23. Nb5 Qc6 24. Bd4 Bxc2 25. Qa1 Bxb3 26. Bxg7 Bxa4 27. Qf6 Bxb5
28. Qxh6 f5 29. Nf3 Qd7 30. Qh8+ Kf7 31. Ne5+ Ke7 32. Bf8+ Rxf8 33. Qg7+ Kd6
34. Nxd7 Bxd7 35. Qxg5 fxg4 36. hxg4 Rg8 37. Qh4 Rac8 38. Qh2+ e5 39. f3 Rc4
40. Qh7 Rgc8 41. g5 b5 42. f4 exf4 43. exf4 Re4 44. Rd1 Rcc4 45. Qf7 Bc6 46.
Qf8+ Kc7 47. g6 Rxf4 48. g7 Rg4+ 49. Kf2 Rc2+ 50. Kf1 b4 51. Qe7+ Kb6 52. Qd8+
Kc5 53. Qf8+ Kb6 54. Qb8+ Kc5 55. g8=Q Rxg8 56. Qxg8 a4 57. Qf8+ Kb5 58. Qb8+
Kc5 59. Qa7+ Kb5 60. Rd4 Rb2 61. Qb8+ Kc5 62. Qa7+ Kb5 63. Ke1 a3 64. Rd2 Kc4
65. Rxb2 axb2 66. Qa2+ Kc3 67. Qb1 Ba4 68. Qf5 d4 69. Ke2 Bb5+ 70. Kd1 d3 71.
Qe5+ Kb3 72. Qd5+ Bc4 0-1

[Event "FBL 1"]
[Site "?"]
[Date "2018.11.18"]
[Round "4.6"]
[White "Gvanceladze, Anna"]
[Black "Baciu, Diana"]
[Result "0-1"]
[WhiteElo "2272"]
[BlackElo "2271"]
[PlyCount "140"]
[EventDate "2018.10.27"]
[EventType "team-tourn"]
[EventCountry "GER"]
[WhiteTeam "Koenigshofen SC"]
[BlackTeam "Hamburger SK"]
[WhiteTeamCountry "GER"]
[BlackTeamCountry "GER"]

1. e4 e6 2. Qe2 c5 3. g3 Nc6 4. Nf3 g6 5. Bg2 Bg7 6. O-O Nge7 7. c3 e5 8. d3
O-O 9. a3 b6 10. b4 d6 11. Nbd2 h6 12. Bb2 Ba6 13. c4 Bb7 14. b5 Nd4 15. Nxd4
exd4 16. a4 Qd7 17. a5 a6 18. Rfb1 bxa5 19. Rxa5 axb5 20. Rxb5 Bc6 21. Rb3 Ba4
22. Ra3 Rab8 23. Bc1 Rb4 24. Ra2 Rfb8 25. Rba1 Bc6 26. Qd1 Kh7 27. Ra7 R8b7 28.
R7a6 R7b6 29. Qc2 Rxa6 30. Rxa6 Qb7 31. Qa2 Nc8 32. Ra3 Qd7 33. Nb3 Ra4 34. Bd2
Nb6 35. Na5 Ba8 36. Rxa4 Nxa4 37. Qb3 Nc3 38. Qb6 Qa4 39. Nb3 Qa2 40. Bf1 Qc2
41. h4 Qd1 42. h5 Nxe4 43. hxg6+ fxg6 44. Qd8 Qxb3 45. dxe4 Bxe4 46. Qh4 Qf3
47. g4 d3 48. Qh3 Qxh3 49. Bxh3 d5 50. cxd5 Bxd5 51. Bf1 c4 52. Kh2 Bf3 53. Kg3
Be2 54. Bxe2 dxe2 55. Kf3 c3 56. Bxc3 Bxc3 57. Kxe2 Be5 58. Ke3 g5 59. Ke4 Bf4
60. Kf5 Kg7 61. Ke4 Kg6 62. Kf3 h5 63. gxh5+ Kxh5 64. Kg2 Kg4 65. Kg1 Kf3 66.
Kf1 Bd6 67. Kg1 Bc5 68. Kf1 g4 69. Kg1 g3 70. Kf1 g2+ 0-1

[Event "FBL 1"]
[Site "?"]
[Date "2018.11.18"]
[Round "4.1"]
[White "Unuk, Laura"]
[Black "Bluhm, Sonja Maria"]
[Result "0-1"]
[WhiteElo "2248"]
[BlackElo "2229"]
[PlyCount "106"]
[EventDate "2018.10.27"]
[EventType "team-tourn"]
[EventCountry "GER"]
[WhiteTeam "Norderstedt TuRa Harksheide"]
[BlackTeam "Hofheim SV"]
[WhiteTeamCountry "GER"]
[BlackTeamCountry "GER"]

1. d4 Nf6 2. c4 g6 3. Nc3 Bg7 4. e4 d6 5. Nf3 O-O 6. Be2 Nbd7 7. O-O e5 8. d5
Nc5 9. Qc2 a5 10. Ne1 Qe7 11. b3 Ne8 12. Be3 f5 13. f3 f4 14. Bf2 g5 15. a3 h5
16. Qd1 Rf6 17. b4 Na6 18. c5 Rg6 19. g4 hxg4 20. fxg4 Bf8 21. Nd3 Qh7 22. Kg2
Rh6 23. Rh1 Nf6 24. cxd6 cxd6 25. b5 Nc7 26. Ne1 Rh3 27. Rc1 Nce8 28. Bf3 Bd7
29. b6 Rc8 30. a4 Nxg4 31. Bxg4 Rhxc3 32. Rxc3 Rxc3 33. Bxd7 Qxd7 34. Rg1 Qh7
35. Kf1 Qh3+ 36. Ke2 Bh6 37. Kd2 Nf6 38. Qb1 Rc4 39. Ke2 Nxe4 40. Qd3 Qxd3+ 41.
Nxd3 Rxa4 42. Rc1 f3+ 43. Kf1 g4 44. Rc8+ Kf7 45. Rc7+ Kg6 46. Rxb7 Ra1+ 47.
Be1 Bd2 48. Rc7 Bxe1 49. Rc1 Rxc1 50. Nxc1 Bf2 51. b7 Ba7 52. Nb3 a4 53. Na5
Nd2+ 0-1

[Event "FBL 1"]
[Site "?"]
[Date "2018.11.18"]
[Round "4.2"]
[White "Agrest, Inna"]
[Black "Antolak, Julia"]
[Result "1-0"]
[WhiteElo "2258"]
[BlackElo "2240"]
[PlyCount "163"]
[EventDate "2018.10.27"]
[EventType "team-tourn"]
[EventCountry "GER"]
[WhiteTeam "Hofheim SV"]
[BlackTeam "Norderstedt TuRa Harksheide"]
[WhiteTeamCountry "GER"]
[BlackTeamCountry "GER"]

1. e4 c5 2. Nf3 Nc6 3. d4 cxd4 4. Nxd4 g6 5. c4 Bg7 6. Nc2 d6 7. Be2 Be6 8. O-O
Rc8 9. Ne3 Nf6 10. Nc3 O-O 11. Rb1 Nd7 12. Ncd5 Nc5 13. f3 a5 14. b3 Bd7 15.
Nc2 e6 16. Nde3 Qe7 17. Bb2 Bxb2 18. Rxb2 Rfd8 19. Qd2 Be8 20. Rd1 Qf8 21. Qe1
Qg7 22. Rbb1 Rd7 23. Rd2 Rcd8 24. Rbd1 f5 25. Qg3 fxe4 26. Rxd6 exf3 27. Bxf3
Qe5 28. Qxe5 Nxe5 29. Rxd7 Rxd7 30. Be2 Rxd1+ 31. Nxd1 Kf7 32. Nc3 Ke7 33. Kf2
g5 34. Ke3 Bg6 35. Nd4 Nf7 36. Bf3 Nd6 37. g4 h6 38. Bg2 Bh7 39. Bf3 Bg6 40.
Be2 Bh7 41. Nf3 Nf7 42. Kd4 Nd7 43. Ke3 e5 44. Nd5+ Kd6 45. Nd2 Nd8 46. Bf3 Nc5
47. Nf6 Bg6 48. Bd5 Nde6 49. Nde4+ Nxe4 50. Bxe4 Bxe4 51. Kxe4 Nd4 52. Ng8 Ne2
53. Nxh6 Nc3+ 54. Kd3 Nxa2 55. Nf7+ Ke7 56. Nxg5 Nc1+ 57. Kc2 Ne2 58. Ne4 Nd4+
59. Kc3 Nf3 60. h3 b6 61. b4 axb4+ 62. Kxb4 Nd4 63. h4 Kf7 64. h5 Kg7 65. g5
Kf7 66. h6 Kg6 67. Ka4 Nc2 68. Kb5 Na3+ 69. Kb4 Nc2+ 70. Kc3 Ne3 71. Kd3 Nf5
72. Ke2 Nd4+ 73. Ke3 Nc6 74. Nf6 Na5 75. Kd3 Nb7 76. Nd7 Nd6 77. Nxe5+ Kh7 78.
Kd4 Nc8 79. Kd5 Ne7+ 80. Ke6 Nc8 81. Kd7 Na7 82. Nc6 1-0

[Event "FBL 1"]
[Site "?"]
[Date "2018.11.18"]
[Round "4.3"]
[White "Gosciniak, Maria"]
[Black "Mar, Karmen"]
[Result "1-0"]
[WhiteElo "2083"]
[BlackElo "2104"]
[PlyCount "53"]
[EventDate "2018.10.27"]
[EventType "team-tourn"]
[EventCountry "GER"]
[WhiteTeam "Norderstedt TuRa Harksheide"]
[BlackTeam "Hofheim SV"]
[WhiteTeamCountry "GER"]
[BlackTeamCountry "GER"]

1. e4 c5 2. Nf3 d6 3. d4 cxd4 4. Nxd4 Nf6 5. Nc3 e6 6. Be3 a6 7. f3 Be7 8. Qd2
b5 9. O-O-O Bb7 10. g4 Nc6 11. Kb1 Rc8 12. Rg1 Ne5 13. g5 Nfd7 14. f4 Nc4 15.
Bxc4 Rxc4 16. f5 e5 17. Nde2 b4 18. Nd5 Rxe4 19. Nxe7 Qxe7 20. Ng3 Rc4 21. f6
Qe6 22. b3 Rh4 23. fxg7 Rg8 24. Qxd6 Rxg7 25. Qc7 Be4 26. Qc8+ Ke7 27. Bc5+ 1-0

[Event "FBL 1"]
[Site "?"]
[Date "2018.11.18"]
[Round "4.4"]
[White "Winterholler, Christina"]
[Black "Brandt, Carina"]
[Result "0-1"]
[WhiteElo "2054"]
[BlackElo "2083"]
[PlyCount "46"]
[EventDate "2018.10.27"]
[EventType "team-tourn"]
[EventCountry "GER"]
[WhiteTeam "Hofheim SV"]
[BlackTeam "Norderstedt TuRa Harksheide"]
[WhiteTeamCountry "GER"]
[BlackTeamCountry "GER"]

1. e4 e6 2. Nf3 d5 3. Nc3 Nf6 4. exd5 exd5 5. d4 Be6 6. Bd3 Bb4 7. Bd2 Nc6 8.
O-O Bxc3 9. Bxc3 Qd6 10. a3 O-O 11. Re1 Bg4 12. b4 a6 13. Bb2 Rfe8 14. Be2 Ne4
15. Qd3 Qf6 16. Rad1 Re6 17. Bc1 Ne7 18. Be3 Rc6 19. c4 Rxc4 20. Nd2 Bxe2 21.
Nxe4 dxe4 22. Qxe2 b5 23. Qg4 Qf5 0-1

[Event "FBL 1"]
[Site "?"]
[Date "2018.11.18"]
[Round "4.5"]
[White "Waechter, Nathalie"]
[Black "Roessler, Ulrike"]
[Result "0-1"]
[WhiteElo "2052"]
[BlackElo "2132"]
[PlyCount "74"]
[EventDate "2018.10.27"]
[EventType "team-tourn"]
[EventCountry "GER"]
[WhiteTeam "Norderstedt TuRa Harksheide"]
[BlackTeam "Hofheim SV"]
[WhiteTeamCountry "GER"]
[BlackTeamCountry "GER"]

1. d4 Nf6 2. c4 g6 3. Nc3 Bg7 4. e4 d6 5. Be2 O-O 6. Nf3 e5 7. O-O Nc6 8. d5
Ne7 9. Ne1 Ne8 10. Nd3 f5 11. f4 fxe4 12. Nxe4 Nf5 13. fxe5 Qh4 14. Rf4 Qe7 15.
e6 c6 16. g4 Nd4 17. Rxf8+ Qxf8 18. Bf4 b5 19. cxb5 cxd5 20. Ng5 h6 21. Nh3
Bxe6 22. Be3 g5 23. a4 Nc7 24. Rc1 Qe7 25. Ndf2 Nxe2+ 26. Qxe2 Bf7 27. Qd2 Ne6
28. Qxd5 Re8 29. Qd2 Nc5 30. Bxc5 dxc5 31. Rf1 Bd4 32. Nf4 gxf4 33. Qxf4 Qg5
34. Qg3 Bc4 35. Rd1 Rf8 36. Rxd4 cxd4 37. h4 Qe3 0-1

[Event "FBL 1"]
[Site "?"]
[Date "2018.11.18"]
[Round "4.6"]
[White "Kushka, Alena"]
[Black "Koehler, Inken"]
[Result "1-0"]
[WhiteElo "2153"]
[BlackElo "1934"]
[PlyCount "141"]
[EventDate "2018.10.27"]
[EventType "team-tourn"]
[EventCountry "GER"]
[WhiteTeam "Hofheim SV"]
[BlackTeam "Norderstedt TuRa Harksheide"]
[WhiteTeamCountry "GER"]
[BlackTeamCountry "GER"]

1. c4 c5 2. Nf3 Nf6 3. g3 d5 4. cxd5 Nxd5 5. Bg2 Nc6 6. O-O Nc7 7. Nc3 g6 8. d3
Bg7 9. Qa4 Bd7 10. Qh4 Ne6 11. Ng5 h6 12. Nxe6 Bxe6 13. Be3 Qa5 14. Rac1 Rc8
15. Nd5 b6 16. d4 c4 17. Nc3 Bf6 18. Bxc6+ Rxc6 19. Qe4 Rc8 20. Rfd1 O-O 21.
Bxh6 Rfd8 22. d5 Bf5 23. Qf3 b5 24. e4 Bd7 25. a3 b4 26. axb4 Qxb4 27. Rd2 a5
28. Qe3 Bh8 29. e5 Bf5 30. Bf4 Bd3 31. h4 Qb7 32. Ra1 Qb4 33. Ra4 Qc5 34. Qf3
Qb6 35. Be3 Qc7 36. d6 exd6 37. exd6 Qxd6 38. Rxa5 Qb4 39. Rb5 Qf8 40. Rb7 Rb8
41. Ra7 Bxc3 42. bxc3 Qe8 43. Ra1 Qe4 44. Qf6 Qf5 45. Qxf5 Bxf5 46. Bd4 Rb1+
47. Rxb1 Bxb1 48. f3 f5 49. Rb2 Bd3 50. Rb6 f4 51. gxf4 Ra8 52. Kf2 Ra2+ 53.
Kg3 Kf7 54. Rf6+ Ke7 55. Rc6 Bf1 56. f5 gxf5 57. Kf4 Bd3 58. h5 Rh2 59. h6 Kf7
60. Rf6+ Kg8 61. Ke5 Kh7 62. Be3 Rh5 63. Bf4 Rh4 64. Rf7+ Kh8 65. Bg5 Rh1 66.
Bf6+ Kg8 67. Rg7+ Kf8 68. h7 f4 69. Rg8+ Kf7 70. h8=Q Re1+ 71. Kd4 1-0

[Event "FBL 1"]
[Site "?"]
[Date "2018.11.18"]
[Round "4.1"]
[White "Georgescu, Lena"]
[Black "Sieber, Fiona"]
[Result "1-0"]
[WhiteElo "2154"]
[BlackElo "2267"]
[PlyCount "219"]
[EventDate "2018.10.27"]
[EventType "team-tourn"]
[EventCountry "GER"]
[WhiteTeam "Karlsruher SF"]
[BlackTeam "Lehrte SK"]
[WhiteTeamCountry "GER"]
[BlackTeamCountry "GER"]

1. e4 c5 2. Nf3 d6 3. d4 cxd4 4. Nxd4 Nf6 5. Nc3 a6 6. Bg5 e6 7. f4 h6 8. Bh4
Qb6 9. Qd2 Qxb2 10. Rb1 Qa3 11. e5 dxe5 12. fxe5 Nfd7 13. Ne4 Qxa2 14. Rd1 Qd5
15. Qe3 Qxe5 16. Be2 Bc5 17. Bg3 Qd5 18. O-O e5 19. Nxc5 Qxc5 20. Rxf7 Kxf7 21.
Qb3+ Ke7 22. Bf2 exd4 23. Bxd4 Qd6 24. Qe3+ Qe6 25. Bc5+ Kf7 26. Bh5+ g6 27.
Bxg6+ Qxg6 28. Rf1+ Qf6 29. Qe7+ Kg6 30. Qe4+ Kg7 31. Bd4 Rf8 32. Qg4+ Kh7 33.
Bxf6 Nxf6 34. Qb4 Kg7 35. Qe7+ Rf7 36. Qa3 Bg4 37. Qg3 Kh7 38. Qd3+ Kg7 39. Qg3
Kh8 40. Qb3 Bh5 41. Rxf6 Rxf6 42. Qxb7 Be2 43. h3 Nc6 44. Qxa8+ Kg7 45. Qe8 Bc4
46. Qe4 Bf7 47. Qe3 a5 48. Qc3 Bd5 49. Kh2 Kf7 50. Qc5 Ke6 51. c4 Be4 52. Qe3
Ke5 53. Qc5+ Ke6 54. Qe3 Kf5 55. Qf2+ Kg6 56. Qg3+ Kf7 57. Qe3 Re6 58. Qf4+ Ke8
59. Qc7 a4 60. Qc8+ Kf7 61. Qa6 Bc2 62. Qa8 Bb3 63. Qa6 Ne7 64. Qa7 Rc6 65.
Qf2+ Ke8 66. Qb2 Bxc4 67. Qb8+ Kf7 68. Qf4+ Ke8 69. Qb8+ Rc8 70. Qb4 Bb3 71.
Qb5+ Rc6 72. Qb4 Kf7 73. Qb7 Bd5 74. Qb2 Rg6 75. g4 Bb3 76. Kg3 Nf5+ 77. Kf4
Nd6 78. Kg3 Rf6 79. Qb1 Kg7 80. Qa1 Ne4+ 81. Kh4 Kg6 82. Qb1 Bd5 83. Qd3 Bc6
84. Qd8 Kg7 85. Qc7+ Kf8 86. Qb8+ Ke7 87. Qc7+ Bd7 88. Qe5+ Re6 89. Qa5 Ng5 90.
Qb4+ Kf7 91. Qf4+ Kg8 92. Qb8+ Kf7 93. Qb7 Rd6 94. Qb1 Rf6 95. Qb7 Ke8 96. Qb8+
Ke7 97. Qb4+ Kd8 98. Qa5+ Ke7 99. Qb4+ Rd6 100. Qc5 Be8 101. Qb4 Ke6 102. Qc4+
Kf6 103. Qf4+ Ke6 104. Qc4+ Ke7 105. Qb4 Nf3+ 106. Kg3 Nd4 107. Kh4 Bc6 108.
Qc5 Ke6 109. Qc4+ Rd5 110. Qb4 1-0

[Event "FBL 1"]
[Site "?"]
[Date "2018.11.18"]
[Round "4.2"]
[White "Duessler, Stefanie"]
[Black "Muetsch, Annmarie"]
[Result "1-0"]
[WhiteElo "2094"]
[BlackElo "2246"]
[PlyCount "67"]
[EventDate "2018.10.27"]
[EventType "team-tourn"]
[EventCountry "GER"]
[WhiteTeam "Lehrte SK"]
[BlackTeam "Karlsruher SF"]
[WhiteTeamCountry "GER"]
[BlackTeamCountry "GER"]

1. e4 c5 2. Nf3 Nc6 3. d4 cxd4 4. Nxd4 e5 5. Nb5 d6 6. c4 Be7 7. N1c3 a6 8. Na3
f5 9. exf5 Bxf5 10. Bd3 Be6 11. Nc2 Nf6 12. Bg5 O-O 13. O-O Qd7 14. Ne3 Rae8
15. Bxf6 Rxf6 16. Be4 Bd8 17. Qd2 Ref8 18. Bd5 Nd4 19. Ne4 Rg6 20. Kh1 Rf4 21.
f3 Rh6 22. Rf2 b5 23. Rc1 bxc4 24. Rxc4 Bxd5 25. Nxd5 Rfh4 26. g3 Rh3 27. b4
Qb5 28. Ne3 Qd7 29. Rc3 d5 30. Nc5 Qf7 31. Ng4 R6h5 32. f4 Nf5 33. Nxe5 Nxg3+
34. Rxg3 1-0